000 00977nam a22002297a 4500
999 _c10961
_d10961
003 AR-CdUCM
008 190221b pe ||||| |||| 00| 0 spa d
040 _aMUNICIPALIDAD PROVINCIAL DEL CUSCO
_cBIBLIOTECA MUNICIPAL DEL CUSCO
082 _a985.02 /
_bB24 / 1931
100 _aBasadre, Jorge
_9198
245 _aPerú: Problema y Posibilidad :
_bensayo de una síntesis de la evolución histórica del Perú /
260 _aLima :
_bE. Rosay,
_c1931.
300 _a132 páginas.
_c21.5 cm.
440 _aBiblioteca peruana ;
_911247
505 _aContenido: El sentido de la historia peruana -- Panorama de la formación histórica del Perú -- La lucha política durante la primera república -- Panorama y critica de las inquietudes doctrinarias iniciales ...
650 _aProblemas y Posibilidades
_9199
650 _aJorge Basadre
_9200
650 _aÉpoca Republicana
_9202
650 _aHistoria peruana
_91316
942 _2ddc
_cLIBROS
945 _aacv
_d2019-02-21